Diseño de un sistema de gestión de operaciones en el Departamento de Servicios Administrativos y Financieros de las Direcciones Regionales del Ministerio de Educación Pública
Salvato in:
| Autore principale: | |
|---|---|
| Altri autori: | , |
| Natura: | Libro |
| Lingua: | Spanish |
| Pubblicazione: |
[San José , Costa Rica]
2018
|
| Soggetti: | |
| Tags: |
Aggiungi Tag
Nessun Tag, puoi essere il primo ad aggiungerne!!
|
MARC
| LEADER | 00000nam a22000007a 4500 | ||
|---|---|---|---|
| 003 | 012814 | ||
| 005 | 20240209073526.0 | ||
| 008 | 180213b xxu||||| ||m| 00| ||spa d | ||
| 040 | |c cru CEDI | ||
| 090 | |a TFG 7965 | ||
| 100 | |9 11015 |a Martínez Rojas, Carlos | ||
| 245 | |a Diseño de un sistema de gestión de operaciones en el Departamento de Servicios Administrativos y Financieros de las Direcciones Regionales del Ministerio de Educación Pública | ||
| 260 | |a [San José , Costa Rica] |c 2018 | ||
| 300 | |a xiv, 144 hojas ; ilustraciones a color | ||
| 500 | |a Proyecto de graduación (licenciatura en ingeniería industrial)--Universidad de Costa Rica. Facultad de Ingeniería. Escuela de Ingeniería Industrial | ||
| 501 | |a Director de Proyecto de Graduación: Ing. Marco González Víquez | ||
| 610 | 0 | |a Costa Rica. Ministerio de Educación Pública. Direcciones Regionales de Educación. Departamento de Servicios Administrativos y Financieros |9 2376 | |
| 610 | 0 | |a Costa Rica. Ministerio de Educación Pública. Direcciones Regionales de Educación. Departamento de Servicios Administrativos y Financieros - ORGANIZACION |9 2377 | |
| 610 | 0 | |a Costa Rica. Ministerio de Educación Pública. Direcciones Regionales de Educación. Departamento de Servicios Administrativos y Financieros - PLANIFICACION |9 2378 | |
| 650 | |x GESTION ADMINISTRATIVA - PLANIFICACION - COSTA RICA |9 11017 | ||
| 700 | |9 11016 |a Ramírez Jiménez, Isabel | ||
| 700 | |a González Víquez, Marcos Gerardo, 1984- |d Director del TFG |9 608 | ||
| 942 | |c TFG |h TFG 7965 |i 012814 |6 TFG_7965_012814000000000 | ||
| 999 | |c 19504 |d 19504 | ||
